Statistics for Cities by Stadium #1

Click here to take the quiz!

General Stats

  • This quiz has been taken 32 times
  • The average score is 8 of 15

Answer Stats

StadiumCity% Correct
Madison Square GardenNew York City
100%
Staples CenterLos Angeles
91%
TD GardenBoston
86%
Lambeau FieldGreen Bay
73%
SunLife StadiumMiami
68%
KingdomeSeattle
64%
O.co StadiumOakland/San Francisco
50%
Honda CenterAnaheim
45%
Xcel Energy CenterSt. Paul/Minneapolis
45%
Jobing.com ArenaGlendale
36%
BMO FieldToronto
36%
Gillette StadiumFoxborough
32%
Bridgestone ArenaNashville
32%
Buck Shaw StadiumSan Jose
32%
BBVA Compass StadiumHouston
27%

Score Distribution

Percentile by Number Answered

Percent of People with Each Score

Your Score History

You have not taken this quiz